| 000 | 004700000a22001930004500 | ||
|---|---|---|---|
| 001 | 002913 | ||
| 003 | MACL | ||
| 005 | 20150915142911.0 | ||
| 008 | 150915b xxu||||| |||| 00| 0 eng d | ||
| 040 |
_aMACL _cMACL |
||
| 041 | _aEnglish | ||
| 082 | _a823/NAP | ||
| 100 |
_aNepram, Binalakashmi _911174 |
||
| 245 |
_aMeckley _cBinalakashmi Nepram |
||
| 260 |
_aNew Delhi _c2004 _bVirgo Publications, |
||
| 350 | _a250 | ||
| 650 |
_aFiction _911175 |
||
| 942 |
_k823 _cBK _2ddc |
||
| 999 |
_c14820 _d14820 |
||